| 000 | 00752nam a22002297a 4500 | ||
|---|---|---|---|
| 005 | 20100819113936.0 | ||
| 010 | _aENG-100936 | ||
| 020 |
_a9788120340886 _c425.00 |
||
| 035 | _aEN-84469 | ||
| 037 | _bDBAD/PUB | ||
| 082 | _a541.3 | ||
| 100 |
_aMoudgil, Harish Kumar _915164 |
||
| 245 |
_aTextbook of physical chemistry / _cby Harish Kumar Moudgil |
||
| 260 |
_aNew Delhi _bPHI Learning _c2010 |
||
| 270 |
_aM-97, Connaught Circus _bNew Delhi _e110001 |
||
| 300 |
_axxvii, 652 p. _b24cm (Pbk) |
||
| 500 | _aIncludes index | ||
| 700 | _915115 | ||
| 700 | _915135 | ||
| 942 |
_2ddc _cEN _h541.3 _mMOU |
||
| 999 |
_c42540 _d42540 |
||